000 01142nam a2200301 a 4500
003 BLK
005 20250221130331.0
008 180410b bul|||||r ||||||| ||bul||
020 _a9789546554727
040 _aBLK
041 _aBUL
_cBUL
080 _aАмериканска литература (на САЩ)
_b821.111(73)
_x-312.9
_z821.111(73)-312.9
100 1 _aРигс, Рансъм
_9332447
245 1 0 _aДомът на мис Перигрин за чудати деца
_bРоман
_cРансъм Ригс; прев. Елика Рафи.
257 _aUSA
260 _bБард
_c2014
300 _a364 с.
_bсъс сн.
_c22 см
380 _aX
500 _aОриг. загл. Miss Peregrine's Home for Peculiar Children / Ransom Riggs. - Кн. 1 за чудатите деца на мис Перигрин.
700 1 _aРафи, Елика
_eпрев.
_9365144
852 _aЦб 268910
852 _a821-31/Р 58 Р
_bП
856 4 _qpdf
856 4 _qpdf
942 _cKNG
_n0
_01
944 _aED
_c07.03.2018
_lЦветелина Шанова
_k30531
999 _c154440
_d154440